Speed Countries II Quiz Stats

 Plays Quiz Updated Dec 12, 2018

Also try: Speed Countries
Challenge
Share
Tweet
Embed
Score 0/69 Timer 03:00
0 Plays Today
Start Finish % Correct
????
100%
????
99.7%
????
99.4%
????
98.3%
????
97.9%
????
95.8%
????
95.8%
????
95.3%
????
94.2%
????
88%
????
88%
????
87.2%
????
84.3%
????
83.9%
????
83.5%
????
83.3%
????
82.7%
????
74.2%
????
73.8%
????
73.3%
????
73.1%
????
72.1%
????
71.4%
????
69.7%
????
68.6%
????
67.9%
????
60.9%
????
60.2%
????
59.9%
????
57%
????
54.4%
????
53.8%
????
52.5%
????
51.7%
????
48.1%
Start Finish % Correct
????
47%
????
46.8%
????
46.7%
????
46.4%
????
46.1%
????
45.8%
????
45.6%
????
44.7%
????
44.1%
????
43.7%
????
43.4%
????
43%
????
42.5%
????
42.2%
????
40.8%
????
40.3%
????
40%
????
39.5%
????
36.4%
????
36%
????
35.4%
????
35%
????
34.1%
????
31.3%
????
30.9%
????
30.4%
????
28.6%
????
28.2%
????
27.1%
????
26%
????
25.5%
????
24.3%
????
22.4%
????
21.2%

You're not logged in!

Compare scores with friends on all Sporcle quizzes.
OR
Log In

You Might Also Like...

Show Comments

Extras

Top Quizzes Today


Score Distribution

Your Account Isn't Verified!

In order to create a playlist on Sporcle, you need to verify the email address you used during registration. Go to your Sporcle Settings to finish the process.

Report this User

Report this user for behavior that violates our Community Guidelines.

Details: